ပိုၼ်းတႆးၵူႈၶိူဝ်းၶိူဝ်း (Record no. 6214)

000 -LEADER
fixed length control field 00980nam a22002417a 4500
003 - CONTROL NUMBER IDENTIFIER
control field OSt
005 - DATE AND TIME OF LATEST TRANSACTION
control field 20260128092810.0
008 - FIXED-LENGTH DATA ELEMENTS--GENERAL INFORMATION
fixed length control field 210813b ||||| |||| 00| 0 eng d
040 ## - CATALOGING SOURCE
Transcribing agency OSt
041 ## - LANGUAGE CODE
Language code of text/sound track or separate title Shan
082 ## - DEWEY DECIMAL CLASSIFICATION NUMBER
Classification number 959.195919
100 ## - MAIN ENTRY--PERSONAL NAME
Personal name ၵဵတ်ႇ
Titles and words associated with a name လုင်း
245 ## - TITLE STATEMENT
Title ပိုၼ်းတႆးၵူႈၶိူဝ်းၶိူဝ်း
Statement of responsibility, etc. လုင်းၵဵတ်ႇ (Mr. Golt)
260 ## - PUBLICATION, DISTRIBUTION, ETC.
Place of publication, distribution, etc. [ဢမ်ႇပႃးဝဵင်း]
Name of publisher, distributor, etc. [ဢမ်ႇပႃးတီႈ]
Date of publication, distribution, etc. 1987
300 ## - PHYSICAL DESCRIPTION
Extent (ဢ)၊ 355 ၼႃႈ
Other physical details ပႃးႁၢင်း၊ ႁၢင်ႈၽႅၼ်ႇလိၼ်
Dimensions 18 ၸိၼ်ႇထီႇ
500 ## - GENERAL NOTE
General note S-SAT: Dr. Prof Sai Aung Tun
650 ## - SUBJECT ADDED ENTRY--TOPICAL TERM
Topical term or geographic name entry element ပိုၼ်းတႆး
710 ## - ADDED ENTRY--CORPORATE NAME
Corporate name or jurisdiction name as entry element ၸၢႆးၸိူင်းမၢဝ်း (ၼမ်ႉၶမ်း) ပိၼ်ႇတႅမ်ႈ-
942 ## - ADDED ENTRY ELEMENTS (KOHA)
Koha item type Books (Long term)
100 ## - MAIN ENTRY--PERSONAL NAME
9 (RLIN) 37823
501 ## - WITH NOTE
With note ပႃးၽိုၼ်ဢိင်
650 ## - SUBJECT ADDED ENTRY--TOPICAL TERM
9 (RLIN) 20580
710 ## - ADDED ENTRY--CORPORATE NAME
9 (RLIN) 37824
Source of classification or shelving scheme
Source of classification or shelving scheme
Holdings
Withdrawn status Lost status Source of classification or shelving scheme Damaged status Not for loan Collection Code Permanent Location Current Location Shelving location Date acquired Total Checkouts Full call number Barcode Date last seen Date last checked out Copy number Price effective from Koha item type Accession
          Tai Collection Shan State Buddhist University Library Shan State Buddhist University Library Tai Shelves 13/08/2021 10 959.195919 ၵဵတ်ႇ ႑႔႗႑(1) SH00001471 10/11/2025 11/10/2025 1 13/08/2021 Books (Long term) ႑႔႗႑(1)
          Tai Collection Shan State Buddhist University Library Shan State Buddhist University Library Tai Shelves 13/08/2021 1 959.195919 ၵဵတ်ႇ ႑႖႙႕(2) SH00001695 09/10/2025 18/09/2025 2 13/08/2021 Books (Long term) ႑႖႙႕(2)
        Not For Loan Special Collections Shan State Buddhist University Library Shan State Buddhist University Library Special Collection Shelves 13/08/2021 4 959.195919 ၵဵတ်ႇ ႒႔႑႒ S-SAT SH00002412 31/07/2025 17/07/2025 3 13/08/2021 Book (Short term) ႒႔႑႒ S-SAT

Library - 09407999929
Admin Office - 09407999979
Dean Office - 09250910768
Registrar Office - 09892297154
Email - [email protected]
Shan State Buddhist University, Phaya Phyu Taunggyi, Shan State, Myanmar.